000 00566nam a2200193Ia 4500
005 20250326144913.0
008 250326s9999 xx 000 0 und d
020 _a81-7188-531-4
037 _aTextbook
040 _aFMSL
_beng
_cFMSL
041 _aeng
_2eng
084 _aX:89ZB P6
_qFMSL
100 _aVirmani A
_9527937
245 0 _aPropelling India form socialist stagnation to global power
_cVirmani A
260 _aNew Delhi
_bNew Delhi, Academic Foundation
_c2006
300 _a483p
942 _cTB
_hX:89ZB P6
999 _c1305550
_d1305550